The fixer

Shranjeno v:
Bibliografske podrobnosti
Glavni avtor: Malamud, Bernard (autor)
Format: Knjiga
Jezik:angleščina
Izdano: Liubliana Mladinska Knjica 1969
Izdaja:1a. ed
Serija:Original Language Library
Teme:
Oznake: Označite
Brez oznak, prvi označite!

MARC

LEADER 00000cam a2200000 a 4500
001 UCD4086
003 CL-VaPUC
005 20210921074555.0
008 160623e19690000xv |||||||||||||||||eng|d
999 |c 365032  |d 365030 
040 |c Pontificia Universidad Católica de Valparaíso 
082 0 4 |a 813  |b MAL  |2 21 
100 |a Malamud, Bernard,  |e autor  |9 861996 
245 1 4 |a The fixer 
250 |a 1a. ed 
260 |a Liubliana  |b Mladinska Knjica  |c 1969 
300 |a 335 p 
490 0 |a Original Language Library 
583 |a last modification  |c 20160623 20:48:00  |k Rodrigo Vera 
650 0 |a Novelas estadounidenses  |9 265217 
650 0 |a Literatura estadounidense  |9 317168 
942 |c BK  |2 ddc 
945 |d 20160623 20:48:00  |a arojas 
952 |0 0  |1 0  |3 erd  |4 0  |6 813_000000000000000_MAL_1969  |7 0  |8 A  |9 478728  |a FDOHBE  |b FDOHBE  |e Huesbe Llanos, Marco Antonio, 1934-  |i 533392K  |o 813 MAL 1969  |p 533392K  |r 2024-01-30  |w 2019-11-24  |y BK  |z Catalogado en:20160623  |k HBE